000 00557nam a2200169 i 4500
001 100479
003 ES-MaACL
005 20230906182701.0
007 t|
008 050928s1914 zzz b |||| | fre d
100 1 _aMasqueray, Paul.
_978775
245 1 0 _aBibliographie pratique de la littérature grecque des origines áa la fin de la période romaine /
_cPaul Masqueray.
260 _aMacon :
_b[s.n.],
_c1914 (
_fProtat Frères)
300 _aV, 334 p. ;
_c20 cm.
650 4 _aLiteratura griega-
_vBibliografías.
_9164993
852 _aES-MaACL
_jD-2331
999 _c100479
_d100479